| 000 | 00581nam a22002177a 4500 | ||
|---|---|---|---|
| 003 | OSt | ||
| 005 | 20180409134917.0 | ||
| 008 | 150115b xxu||||| |||| 00| 0 eng d | ||
| 020 | _a0-06-097746-9 | ||
| 040 | _cBMC | ||
| 082 | _a813.5 | ||
| 100 | 1 |
_aBoswell, Robert _930206 |
|
| 245 | 1 | 0 |
_aAmerican owned love _cRobert Boswell |
| 260 |
_aNew York _bHarper Perennial _c1998 |
||
| 300 |
_a323 p. _c21 cm |
||
| 490 | _aFiction | ||
| 650 | 2 | 4 |
_aNovela norteamericana _917595 |
| 655 | 7 |
_aDomestic fiction. _2lcsh |
|
| 655 | 7 |
_aLove stories. _2gsafd |
|
| 942 |
_2ddc _cBK _hprozim |
||
| 999 |
_c17356 _d17356 |
||